000 01137nam a2200253Ia 4500
999 _c51365
_d51365
001 18347
003 GE_BSU
005 20250324121153.0
008 181216s2015||||ge |||||||||||||| ||geo||
020 _a9789941940675
040 _cGE_BSU
041 _ageo
080 _a349.2(094.4) ზ-53
100 _aზანაიშვილი, ამირან
_924649
245 _aსაქართველოს ორგანული კანონი - შრომის კოდექსის კომენტარები /
_cამირან ზენაიშვილი.
264 _aთბილისი :
_bიურისტების სამყარო,
_c2015.
300 _a158 გვ.;
_b21 სმ.
504 _aბიბლიოგრ. ტექსტის შენიშვნებში.
541 _h10ლ.
653 _aსაქართველოს შრომის კოდექსი
653 _aსაქართველოს შრომის კოდექსის კომენტარები
653 _aსამართალი
942 _cBK
_2udc